Sustainable non-dwellings (Record no. 80803)

MARC details
000 -LEADER
fixed length control field 01349cab a22002415a 4500
001 - CONTROL NUMBER
control field L145417
008 - FIXED-LENGTH DATA ELEMENTS--GENERAL INFORMATION
fixed length control field 081006s2008 xxkd f 000 0 eng d
035 ## - SYSTEM CONTROL NUMBER
System control number (Sirsi) u145417
041 0# - LANGUAGE CODE
Language code of text/sound track or separate title eng
100 1# - MAIN ENTRY--PERSONAL NAME
Personal name Le Poidevin, Jackie
245 00 - TITLE STATEMENT
Title Sustainable non-dwellings
260 ## - PUBLICATION, DISTRIBUTION, ETC.
Date of publication, distribution, etc. 2008
490 ## - SERIES STATEMENT
Series statement Facilities Management
Volume/sequential designation 15 (12) September 2008, 10-13 (4)
520 ## - SUMMARY, ETC.
Summary, etc. Summarises the conference "The sustainable non-dwellings: Regulations and Ratings Conference". Explains that action is needed to improve the energy efficiency of the UK commercial buildings. Shows that Display Energy Certificates and the new Building Research Establishment Environmental Assessment Method "In use" (BREEAM) scheme are efficient tools. Reviews current legislation on Energy Performance of Buildings Directive. Presents last changes of BREEAM. Concludes on the challenges to meet: ensure the performance of these sustainable buildings, and bring UK current buildings to the required level of sustainability.
590 ## - LOCAL NOTE (RLIN)
Local note KA
650 24 - SUBJECT ADDED ENTRY--TOPICAL TERM
Topical term or geographic name entry element DISPLAY ENERGY CERTIFICATE
650 24 - SUBJECT ADDED ENTRY--TOPICAL TERM
Topical term or geographic name entry element BRE ENVIRONMENTAL ASSESSMENT METHOD (BREEAM)
650 24 - SUBJECT ADDED ENTRY--TOPICAL TERM
Topical term or geographic name entry element DIRECTIVE 2002/91/EC
651 #4 - SUBJECT ADDED ENTRY--GEOGRAPHIC NAME
Geographic name United Kingdom
Chronological subdivision
690 ## - LOCAL SUBJECT ADDED ENTRY--TOPICAL TERM (OCLC, RLIN)
Topical term or geographic name as entry element BUILT ENVIRONMENT-SUSTAINABLE CONSTRUCTION
690 ## - LOCAL SUBJECT ADDED ENTRY--TOPICAL TERM (OCLC, RLIN)
Topical term or geographic name as entry element ENVIRONMENTAL AND LAND CONSULTANCY-ENERGY-ENERGY USE-ENERGY EFFICIENCY
942 ## - ADDED ENTRY ELEMENTS (KOHA)
Suppress in OPAC 0
Holdings
Withdrawn status Lost status Source of classification or shelving scheme Damaged status Not for loan Home library Current library Shelving location Date acquired Total Checkouts Full call number Barcode Date last seen Copy number Price effective from Koha item type
    Dewey Decimal Classification     London London Journal article 06/10/2008   L145417 145417-1001 06/08/2019 1 06/08/2019 Journal article